<?xml version="1.0" encoding="UTF-8"?><?xml-stylesheet type="text/xsl" href="static/style.xsl"?><OAI-PMH xmlns="http://www.openarchives.org/OAI/2.0/" xmlns:xsi="http://www.w3.org/2001/XMLSchema-instance" xsi:schemaLocation="http://www.openarchives.org/OAI/2.0/ http://www.openarchives.org/OAI/2.0/OAI-PMH.xsd"><responseDate>2026-06-29T02:46:33Z</responseDate><request verb="GetRecord" identifier="oai:docta.ucm.es:20.500.14352/108083" metadataPrefix="marc">https://docta.ucm.es/rest/oai/request</request><GetRecord><record><header><identifier>oai:docta.ucm.es:20.500.14352/108083</identifier><datestamp>2025-03-18T13:19:33Z</datestamp><setSpec>com_20.500.14352_14</setSpec><setSpec>col_20.500.14352_20</setSpec></header><metadata><record xmlns="http://www.loc.gov/MARC21/slim" xmlns:dcterms="http://purl.org/dc/terms/" xmlns:xsi="http://www.w3.org/2001/XMLSchema-instance" xmlns:doc="http://www.lyncode.com/xoai" xsi:schemaLocation="http://www.loc.gov/MARC21/slim http://www.loc.gov/standards/marcxml/schema/MARC21slim.xsd">
   <leader>00925njm 22002777a 4500</leader>
   <datafield ind2=" " ind1=" " tag="042">
      <subfield code="a">dc</subfield>
   </datafield>
   <datafield ind2=" " ind1=" " tag="720">
      <subfield code="a">Gonzalo, Agustín</subfield>
      <subfield code="e">author</subfield>
   </datafield>
   <datafield ind2=" " ind1=" " tag="720">
      <subfield code="a">Sánchez Ramos, Celia</subfield>
      <subfield code="e">author</subfield>
   </datafield>
   <datafield ind2=" " ind1=" " tag="720">
      <subfield code="a">Pérez Carrasco, María Jesús</subfield>
      <subfield code="e">author</subfield>
   </datafield>
   <datafield ind2=" " ind1=" " tag="720">
      <subfield code="a">Puell Marín, María Cinta</subfield>
      <subfield code="e">author</subfield>
   </datafield>
   <datafield ind2=" " ind1=" " tag="720">
      <subfield code="a">Langa Moraga, Antonio</subfield>
      <subfield code="e">author</subfield>
   </datafield>
   <datafield ind2=" " ind1=" " tag="720">
      <subfield code="a">Tirado, Elena</subfield>
      <subfield code="e">author</subfield>
   </datafield>
   <datafield ind2=" " ind1=" " tag="720">
      <subfield code="a">Martínez, M.A.</subfield>
      <subfield code="e">author</subfield>
   </datafield>
   <datafield ind2=" " ind1=" " tag="260">
      <subfield code="c">2004-09-28</subfield>
   </datafield>
   <datafield ind2=" " ind1=" " tag="520">
      <subfield code="a">PURPOSE: To evaluate contrast sensitivity (CS) in mesopic conditions in the presence and absence of glare in vehicle drivers over the age of 50 years.
METHODS: Mesopic CS (3cd/m2) was determined in 120 subjects (right eye) using the OPTEC 3600 device and the FACT test. This involved evaluating the contrast threshold for the spatial frequencies 1.5,3,6,12 and 18 cycles/º. All test were performed with habitual correction for long distance. Contrast sensitivity measurements with and without glare were made after a 5 min period of dark adaptation.
RESULTS: Maximum mesopic CT values with and without glare were obteined for the spatial frequencies 6 and 12 cycles/º mesopic CS decreasing for higher or lower frequencies. Mesopic CS also dismished with age (p&lt;0.03). Hiher mesopic CS values were recorded for heavy vehicle drivers than motorcar drivers (p&lt;0.05) and for subjects driving more than 5 days per week (p&lt;0.05).
CONCLUSION: The mesopic CS function shows a band pass pattern similar to that shown by the photopic CT function. The higher mesopic CS in heavy vehicle drivers could reflect the visual requirements upheld by Spanish legislation. The fact that subjects with less mesopic CS drive less than 5 days/weeks suggests they are more reluctant to drive since they feel more insecure. The OPTEC 3500 instrument does not have an effective source of glare that is capable of producing disability glare.</subfield>
   </datafield>
   <datafield ind1="8" ind2=" " tag="024">
      <subfield code="a">https://hdl.handle.net/20.500.14352/108083</subfield>
   </datafield>
   <datafield ind2="0" ind1="0" tag="245">
      <subfield code="a">Contrast sensitivity during night driving in subjects over 50 years.</subfield>
   </datafield>
</record></metadata></record></GetRecord></OAI-PMH>